Imperial Entanglements and Literature in English (Record no. 5866)
[ view plain ]
| 000 -LEADER | |
|---|---|
| fixed length control field | 00520nam a22002057a 4500 |
| 003 - CONTROL NUMBER IDENTIFIER | |
| control field | BUBTL |
| 008 - FIXED-LENGTH DATA ELEMENTS--GENERAL INFORMATION | |
| fixed length control field | 190120b xxu||||| |||| 00| 0 eng d |
| 020 ## - INTERNATIONAL STANDARD BOOK NUMBER | |
| International Standard Book Number | 984871510X |
| 082 ## - DEWEY DECIMAL CLASSIFICATION NUMBER | |
| Edition number | 828 / ALI |
| 100 ## - MAIN ENTRY--PERSONAL NAME | |
| 9 (RLIN) | 2138 |
| Personal name | Fakrul Alam |
| 245 ## - TITLE STATEMENT | |
| Title | Imperial Entanglements and Literature in English |
| 250 ## - EDITION STATEMENT | |
| Edition statement | 1St Edn. |
| 260 ## - PUBLICATION, DISTRIBUTION, ETC. (IMPRINT) | |
| Place of publication, distribution, etc. | Dhaka |
| Name of publisher, distributor, etc. | Writers.onk |
| Date of publication, distribution, etc. | 2007 |
| 300 ## - PHYSICAL DESCRIPTION | |
| Extent | 23 cm |
| 500 ## - GENERAL NOTE | |
| General note | Includes Index. |
| 650 ## - SUBJECT ADDED ENTRY--TOPICAL TERM | |
| Source of heading or term | English Literature |
| 856 ## - ELECTRONIC LOCATION AND ACCESS | |
| Password | 0 |
| Logon | 0 |
| Link text | Download |
| 942 ## - ADDED ENTRY ELEMENTS (KOHA) | |
| Source of classification or shelving scheme | |
| Koha item type | Books |
| Withdrawn status | Lost status | Source of classification or shelving scheme | Damaged status | Not for loan | Collection code | Permanent location | Current location | Shelving location | Date acquired | Source of acquisition | Total Checkouts | Barcode | Date last seen | Copy number | Price effective from | Koha item type |
|---|---|---|---|---|---|---|---|---|---|---|---|---|---|---|---|---|
| Not For Loan | Non-fiction | Bangladesh University of Business and Technology Library | Bangladesh University of Business and Technology Library | English Literature Stacks | 01/20/2019 | Gifted | BUBTL-200313165 | 01/20/2019 | C-1 | 01/20/2019 | Books |
